Дело о службе состоявшего в ведомстве Театральной дирекции, уволенного сторожа Александринского театра, отставного унтер-офицера...

Доступно только в Электронных читальных залах Найти на картеНа карте
RUSMARC
00003793nmc2a22000003x 450
0012a47c202-737b-41e3-ae92-fa7a5ea12397
00520181225185612.0
100##$a20170630l18471851k l0rusy0189 ca
1010#$arus
102##$aRU
2001#$aДело о службе состоявшего в ведомстве Театральной дирекции, уволенного сторожа Александринского театра, отставного унтер-офицера Якова Сидорова
$j26 июля 1847 г. - 4 июня 1851 г.
251##$cДело
300##$aПо Санкт-Петербургской дирекции за 1847 год
300##$aДело
801#0$aRU
$bРГИА
$c20170630
$gRCR
801#1$aRU
$bГлавНИВЦ
$c20170630
$2rusmarc
801#2$aRU
$bПБ им. Б.Н. Ельцина
$c20181225
$gRCR
$2rusmarc
850##$aРГИА
852##$aРГИА
$eФедеральное казенное учреждение "Российский государственный исторический архив" (РГИА)
$j11196
937##$hРГИА
$d12245669
$aASBIBLIO_SCAN
462#0$1001dd3991dc-24e1-42ec-8838-ca4255420416
$12001
$a1746-1850 гг.
$1251
$cОпись
$1852
$j1
461#0$10019264ebf8-de62-4f1a-9eb4-9f22098dbbd5
$12001
$aДирекция императорских театров МИДв
$1251
$cФонд
$1852
$j497
215##$a15 л.
$d36,5х26 см
371##$aДокумент не является опубликованным и широко распространяемым
105##$ay###
1222#$ad
035##$a2a47c202-737b-41e3-ae92-fa7a5ea12397
856##$uhttp://readingroom.main.prlib.ru/item.aspx?id_node=n122357353&mode=full
Формат отображения